Kliknij miasta położone na Kaszubach na mapie - Statystyki

Ogólne statystyki
  • Ten quiz został rozwiązany 21 razy
  • Średni wynik to 23 z 27
Odpowiedzi na mapie
Odpowiedzi zakodowano w zielono-czerwonej skali na mapie do tego quizu, zgodnie z poniższymi procentami.
 
Statystyki odpowiedzi
Odpowiedź % Poprawnych
Gduńsk
100%
Gdyniô
100%
Hél
100%
Jastarniô
100%
Łeba
100%
Pùck
100%
Réda
100%
Sopòt
100%
Stołpskò, Słëpskò
100%
Kartuzë
93%
Lãbórg
93%
Wejrowò
93%
Bëtowò
87%
Kòscérzna
87%
Rëmiô
87%
Chònice
80%
Ùszcz
80%
Człëchòwò
73%
Prësczi Frédląd, Debrzno
73%
Wiôlgô Wies
73%
Żukòwò
73%
Brusë
67%
Kãpice
67%
Kòbëlnica
67%
Czersk
60%
Miastkò
60%
Hamersztëno, Czôrné
53%
Nie znaleziono quizów pasujących do podanych kryteriów
Rozkład punktacji
Procent ludzi z każdym wynikiem
Percentyl według liczby udzielonych odpowiedzi
Twoja historia wyników
Nie rozwiązałeś tego quizu